Průvodce kapitalismem /

Hlavní autor: Čakon, Roman
Korporativní autor: Invest Finance Group (Praha, Česko)
Další autoři: Ježek, Tomáš, 1940-2017, Havlátko, Jaroslav, Vaškovic, Petr
Jazyk: Čeština
Vydáno: Praha : Granit, 1993
Edice: Homo economicus
Témata:
Externí odkaz: Digitalizovaný dokument
Fyzický popis: 73 s. : il. ; 21 cm
Knihy
Uloženo v:
LEADER 01701nam a2200397 a 4500
001 000009528
003 CZ BrMZK
005 20190818152137.0
007 ta
008 930330s1993 xr f cze d
015 |a cnb000074642 
020 |a 80-901443-3-0  |q (brož.) 
035 |a (OCoLC)39585136 
040 |a ABA001  |b cze  |d BOA001 
080 9 |a 336.7 
100 1 |a Čakon, Roman  |7 mzk2011656612  |4 aut 
245 1 0 |a Průvodce kapitalismem /  |c Roman Čakon, Jaroslav Havlátko, Petr Vaškovic ; předml. Tomáš Ježek ; graf. úprava Karel Horák 
260 |a Praha :  |b Granit,  |c 1993 
300 |a 73 s. :  |b il. ;  |c 21 cm 
490 1 |a Homo economicus 
500 |a Obálka František Lín 
500 |a Česko-anglicko-německý slovníček pojmů 
550 |a Vydavatel: Invest Finance Group 
653 0 |a akcie  |a akumulace  |a cenné papíry  |a finanční trhy  |a investiční bankovnictví  |a kapitál  |a obchodní bankovnictví  |a obligace  |a peněžní vztahy 
655 7 |a příručky  |7 fd133209  |2 czenas 
700 1 |a Ježek, Tomáš,  |d 1940-2017  |7 jn19990209312  |4 wfw 
700 1 |a Havlátko, Jaroslav  |7 mzk2011656600  |4 aut 
700 1 |a Vaškovic, Petr  |7 jx20050527042  |4 aut 
710 2 |a Invest Finance Group (Praha, Česko)  |7 kn20100129001 
830 0 |a Homo economicus 
856 4 1 |u http://www.digitalniknihovna.cz/mzk/uuid/uuid:621c8ac0-3964-11e7-8e0f-005056827e52  |y Digitalizovaný dokument  |x NDK 
910 |a BOA001  |b 2-0988.022  |b TK-0251.811 
920 |a 000156227 
990 |a BK 
996 6 |b 2610000280  |c 2-0988.022  |l MZK  |r Sklad / do 1 hodiny  |n 9  |p p.v.  |w 000009528  |u 000010  |a 1  |e BOA001  |j MZK50  |s P 
996 7 |b 2629986240  |c TK-0251.811  |l MZK  |r Sklad / do 24 hodin  |n 1  |w 000009528  |u 000020  |a 1  |e BOA001  |j MZK50  |s A